000 00459nam a2200181Ia 4500
003 OSt
005 20240322104838.0
008 210210b1962 xxu||||| |||| 00| 0 eng d
040 _cAL
041 _aeng
082 _a336/9
100 _aALLEN (G C)
_9156291
245 _aShort economic history of modern Japan 1867-1937
260 _aLondon
_bGeorge Allen & Unwin Ltd
_c1962
690 _aEconomic History
_9156299
906 _a004746
942 _2ddc
_cBK
999 _c128030
_d128030